Polskie miasta według opisu z Wikipedii #2 - Statystyki

Ogólne statystyki
  • Ten quiz został rozwiązany 3 386 razy
  • Średni wynik to 6 z 10
Statystyki odpowiedzi
Opis Miasto % Poprawnych
„Uznawany jest za symboliczne miejsce wybuchu II wojny światowej oraz początku upadku komunizmu w Europie Środkowej.” Gdańsk
90%
„Miasto posiada najdłuższe w Europie molo o drewnianej konstrukcji.” Sopot
90%
„Obecnie, jako miasto rodzinne papieża Jana Pawła II, stanowi ważny ośrodek pielgrzymkowy.” Wadowice
87%
„Położone w Górach Świętokrzyskich, nad rzeką Silnicą, (...) stanowi regionalne centrum gospodarcze, naukowe, kulturalne oraz wystawienniczo-targowe.” Kielce
78%
„Przed przemianami polityczno-gospodarczymi w 1989 r. centrum przemysłu włókienniczego i filmowego.” Łódż
77%
„Jest jedynym miastem w Polsce, którego ustrój jest określony odrębną ustawą. Od 2002 jest gminą miejską mającą status miasta na prawach powiatu.” Warszawa
50%
„W 1997 roku Zespół Staromiejski został wpisany na Listę Światowego Dziedzictwa Kulturowego UNESCO.” Toruń
39%
„W ujściu rzeki znajduje się port morski z funkcjami: handlową, pasażerską, rybacką i jachtową. W mieście i okolicach występują źródła wody mineralnej, solanki oraz pokłady borowiny.” Kołobrzeg
37%
„Miasto otaczają trzy duże kompleksy leśne, puszcze: Wkrzańska od północy, Bukowa od południa oraz Goleniowska od wschodu.” Szczecin
35%
„Zaliczany był do ważniejszych miast, z prawem nabywania majątków ziemskich i czynnego uczestnictwa w akcie wyboru króla. W 1578 wybrano go na siedzibę Trybunału Głównego Koronnego.” Lublin
29%
Nie znaleziono quizów pasujących do podanych kryteriów
Rozkład punktacji
Procent ludzi z każdym wynikiem
Percentyl według liczby udzielonych odpowiedzi
Twoja historia wyników
Nie rozwiązałeś tego quizu